00672nam a2200157 a 4500003000200000005001700002008004100019050002600060100003000086245013400116260009000250300004000340504004100380650005300421650004000474020250507152447.0970101s19uu xx 00 eng d aPHS RC 564b.M36 2004 aMante, Raymond Gilbert G. aA Comparative study on the effects of drug addiction to male and female family members of drug users /cRaymond Gilbert G. Mante. aLas Piñas City, Philippines :bSouthville International School and Colleges,c2004. a58 pages :billustrations ;c28 cm. aIncludes bibliographical references. aFamilies of drug addictsxPsychological aspects. aDrug addictsxFamily relationships.